| 000 | 00500nam a22001817a 4500 | ||
|---|---|---|---|
| 999 |
_c2451 _d2451 |
||
| 003 | OSt | ||
| 005 | 20190827104106.0 | ||
| 008 | 151106b xxu||||| |||| 00| 0 eng d | ||
| 020 | _a0335205313 | ||
| 040 | _cDDC | ||
| 082 | _a330 GES 1996. | ||
| 100 |
_aLAWTON ALAN _96023 |
||
| 245 |
_aETHICAL MANAGEMENT FOR PUBLIC SERVICES _bMANAGING THE PUBLIC SERVICES |
||
| 260 |
_aHong kong _bOpen University Press _c1998 |
||
| 300 |
_aviii,167p; _bill: _c24cm |
||
| 650 |
_aManagement _9364 |
||
| 942 |
_2ddc _cSLOAN |
||